| 000 | 00988nam a2200301 i 4500 | ||
|---|---|---|---|
| 003 | DO-SdBNP | ||
| 005 | 20250724110643.0 | ||
| 007 | ta | ||
| 008 | 220216b2014 dr ||||| |||| 00| 0 spa d | ||
| 020 | _a9789945466263 | ||
| 040 |
_aDO-SdBNP _bspa _cBNPHU _erda |
||
| 041 | _aspa | ||
| 082 | 4 |
_aRD861.44 _bC355a 2014 _222 |
|
| 100 |
_aCastro, Tomás, _d1959- _eautor _924641 _4aut. |
||
| 245 | 1 | 0 |
_aAmor a quemarropa / _cTomás Castro Burdiez. |
| 250 | _a10ma ed. | ||
| 264 |
_aSanto Domingo, República Dominicana : _bEdiciones Educarte, _c2014. |
||
| 300 |
_a61 páginas ; _c21 cm. |
||
| 336 |
_atexto _btxt _2rdacontent |
||
| 337 |
_asin mediación _bn _2rdamedia |
||
| 338 |
_avolumen _bnc _2rdacarrier |
||
| 500 | _aIncluye datos biográficos del autor en la solapa de la contracubierta. | ||
| 590 | _aInventariado, 2020/LP | ||
| 650 | 4 |
_aPoesía dominicana _966 |
|
| 650 | 0 |
_aLiteratura dominicana. _967 |
|
| 910 | _aValidado. Control de validad MMOLINA | ||
| 942 |
_2ddc _cLBS1 |
||
| 999 |
_c49268 _d49268 |
||